[Event "SVK-chT 2122"]
[Site "Slovakia"]
[Date "2022.05.07"]
[Round "7.6"]
[White "Danada, Tomas"]
[Black "Gajdosik, Andrej"]
[Result "1-0"]
[WhiteElo "2266"]
[BlackElo "2010"]
[PlyCount "129"]
[EventDate "2021.10.23"]
[EventType "team-tourn"]
[EventRounds "11"]
[EventCountry "SVK"]
[SourceTitle "EXT 2023"]
[Source "ChessBase"]
[SourceDate "2022.10.05"]
[SourceVersion "1"]
[SourceVersionDate "2022.10.05"]
[SourceQuality "1"]
[WhiteTeam "Prakovce"]
[BlackTeam "Zilina Mladost"]
[WhiteTeamCountry "SVK"]
[BlackTeamCountry "SVK"]

1. Nf3 Nf6 2. c4 g6 3. Nc3 Bg7 4. e4 d6 5. d4 Bg4 6. Be3 Nbd7 7. Be2 c6 8. 0-0 0-0 9. h3 Bxf3 10. Bxf3 e5 11. d5 c5 12. a3 a6 13. b4 Rc8 14. Be2 b5 15. g4 bxc4 16. g5 Ne8 17. Bg4 Rb8 18. Qa4 cxb4 19. axb4 f5 20. gxf6 Ndxf6 21. Be6+ Kh8 22. Qxa6 Rxb4 23. Qc6 Nc7 24. Ra7 Nfe8 25. Kg2 Qf6 26. Rxc7 Nxc7 27. Qxc7 Qf3+ 28. Kh2 Rb2 29. Qa7 Rb3 30. Bg4 Qf6 31. Qa1 Rfb8 32. Qc1 Rb2 33. Nd1 R2b4 34. Bd2 c3 35. Nxc3 Rc4 36. Bg5 Qf7 37. Qa3 Qc7 38. Rb1 Rf8 39. Nb5 Qb6 40. Be3 Qb7 41. Qd3 Ra4 42. Nxd6 Qe7 43. Qb3 Ra6 44. Nc4 h5 45. Be6 Qh4 46. Nd2 Rxf2+ 47. Bxf2 Qxf2+ 48. Kh1 Qxd2 49. Qg3 Qc2 50. Rb8+ Kh7 51. Bg8+ Kh6 52. Qe3+ g5 53. Rb6+ Bf6 54. Rxa6 Qb1+ 55. Kg2 Qc2+ 56. Kf3 Qd1+ 57. Qe2 g4+ 58. hxg4 hxg4+ 59. Kf2 g3+ 60. Kf3 Qh1+ 61. Qg2 Qd1+ 62. Kxg3 Qd3+ 63. Kg4 Qd1+ 64. Kf5 Qg4+ 65. Kxg4 1-0

[Event "SVK-chT2C 2122"]
[Site "Slovakia"]
[Date "2022.05.01"]
[Round "11.4"]
[White "Pauco, Vladimir"]
[Black "Gajdosik, Andrej"]
[Result "0-1"]
[WhiteElo "1823"]
[BlackElo "2023"]
[PlyCount "59"]
[EventDate "2021.10.16"]
[EventType "team-tourn"]
[EventRounds "11"]
[EventCountry "SVK"]
[SourceTitle "EXT 2023"]
[Source "ChessBase"]
[SourceDate "2022.10.05"]
[SourceVersion "1"]
[SourceVersionDate "2022.10.05"]
[SourceQuality "1"]
[WhiteTeam "Detva"]
[BlackTeam "Zilina Mladost II"]
[WhiteTeamCountry "SVK"]
[BlackTeamCountry "SVK"]

1. d4 Nf6 2. Nf3 g6 3. Bg5 Bg7 4. Nbd2 d6 5. e3 Nbd7 6. c3 0-0 7. Bd3 c5 8. 0-0 Qc7 9. Rc1 b6 10. e4 e5 11. Qb3 a5 12. a4 Ba6 13. Bxa6 Rxa6 14. h3 Ra7 15. d5 h6 16. Be3 Nh5 17. Nc4 Rb7 18. Qb5 Nb8 19. Rcd1 Kh7 20. Qb3 Qe7 21. Qc2 Na6 22. Qe2 Ra8 23. Rfe1 Nc7 24. g4 Nf6 25. g5 Ng8 26. gxh6 Bxh6 27. Bxh6 Nxh6 28. Qe3 f6 29. Nh4 Rg8 30. Qf3 0-1

[Event "SVK-chT2C 1920"]
[Site "Slovakia"]
[Date "2020.02.15"]
[Round "8.5"]
[White "Cibikova, Sofia Anna"]
[Black "Gajdosik, Andrej"]
[Result "1-0"]
[WhiteElo "1940"]
[BlackElo "2013"]
[PlyCount "65"]
[EventDate "2019.10.26"]
[EventType "team-tourn"]
[EventRounds "11"]
[EventCountry "SVK"]
[SourceTitle "CBM 195 Extra"]
[Source "ChessBase"]
[SourceDate "2020.05.31"]
[SourceVersion "1"]
[SourceVersionDate "2020.05.31"]
[SourceQuality "1"]
[WhiteTeam "Detva"]
[BlackTeam "Zilina Mladost II"]
[WhiteTeamCountry "SVK"]
[BlackTeamCountry "SVK"]

1. e4 b6 2. d4 Bb7 3. Bd3 e6 4. Nf3 c5 5. c3 Nf6 6. Qe2 Be7 7. 0-0 0-0 8. h3 Nc6 9. Bf4 d6 10. Nbd2 cxd4 11. cxd4 Nb4 12. Bb5 a6 13. Ba4 b5 14. Bb3 Rc8 15. Rac1 Qb6 16. a3 Nc6 17. d5 Nd8 18. Be3 Qa5 19. Nd4 Rxc1 20. Rxc1 exd5 21. Nf5 Re8 22. exd5 Bf8 23. Qd3 b4 24. Bd4 Nxd5 25. Nh6+ Kh8 26. Bc2 Nf6 27. Bxf6 Be4 28. Nxe4 Qh5 29. Bxd8 Qxh6 30. Ng5 Kg8 31. Qd5 Rxd8 32. Bxh7+ Kh8 33. Qxf7 1-0

[Event "SVK-chT2C 1920"]
[Site "Slovakia"]
[Date "2019.11.16"]
[Round "3.5"]
[White "Pekar, Karol"]
[Black "Gajdosik, Andrej"]
[Result "1-0"]
[WhiteElo "2106"]
[BlackElo "2013"]
[PlyCount "145"]
[EventDate "2019.10.26"]
[EventType "team-tourn"]
[EventRounds "11"]
[EventCountry "SVK"]
[SourceTitle "CBM 193 Extra"]
[Source "ChessBase"]
[SourceDate "2020.01.31"]
[SourceVersion "1"]
[SourceVersionDate "2020.01.31"]
[SourceQuality "1"]
[WhiteTeam "Liptov Chess School III"]
[BlackTeam "Zilina Mladost II"]
[WhiteTeamCountry "SVK"]
[BlackTeamCountry "SVK"]

1. e4 d6 2. d4 Nf6 3. Nc3 c6 4. f4 g6 5. Nf3 Bg7 6. Bd3 Bg4 7. Be3 e5 8. dxe5 dxe5 9. Bc4 Qxd1+ 10. Rxd1 0-0 11. Bc5 Re8 12. Nxe5 Rxe5 13. fxe5 Nfd7 14. e6 fxe6 15. Bd4 Bxd1 16. Bxe6+ Kh8 17. Bxg7+ Kxg7 18. Kxd1 Nc5 19. Bg4 Nbd7 20. Bxd7 Nxd7 21. Ke2 Re8 22. Rd1 Re7 23. h3 Kf6 24. Ke3 a6 25. a4 a5 26. b3 Ke5 27. Nb1 Nc5 28. Nd2 Kf6 29. Rf1+ Kg7 30. Rf2 b6 31. Re2 Kf6 32. Rf2+ Kg7 33. Kd4 Rd7+ 34. Kc4 Re7 35. Re2 Kf6 36. Kd4 Rd7+ 37. Ke3 Re7 38. Kf4 Ne6+ 39. Ke3 Nc5 40. g4 h6 41. h4 g5 42. Rf2+ Kg6 43. h5+ Kg7 44. Rf5 Re6 45. e5 Nd7 46. Kd4 Re7 47. Nc4 Kg8 48. Nd6 Kg7 49. Rf2 Kg8 50. Nf5 Re6 51. Re2 Kh7 52. Re3 Kg8 53. c3 Kh7 54. b4 Kg8 55. Ng3 Kg7 56. Nf1 Kf7 57. Nd2 c5+ 58. bxc5 Nxc5 59. Kd5 Nxa4 60. Nc4 Ke7 61. Rf3 b5 62. Nxa5 Nb6+ 63. Kd4 Nd7 64. Rf5 Ra6 65. Nb3 Ra4+ 66. Kd5 Rxg4 67. Nd4 Nb6+ 68. Kc6 Na4 69. e6 Nxc3 70. Rf7+ Ke8 71. Nf5 Rc4+ 72. Kd6 Ne4+ 73. Ke5 1-0

[Event "SVK-chT2C 1819"]
[Site "Slovakia"]
[Date "2019.04.06"]
[Round "10.3"]
[White "Gajdosik, Andrej"]
[Black "Laky, Peter"]
[Result "1-0"]
[WhiteElo "2017"]
[BlackElo "2010"]
[PlyCount "69"]
[EventDate "2018.10.13"]
[EventType "team-tourn"]
[EventRounds "11"]
[EventCountry "SVK"]
[SourceTitle "EXT 2020"]
[Source "ChessBase"]
[SourceDate "2019.10.17"]
[SourceVersion "1"]
[SourceVersionDate "2019.10.17"]
[SourceQuality "1"]
[WhiteTeam "Zilina Mladost II"]
[BlackTeam "Jelsava Magnezit"]
[WhiteTeamCountry "SVK"]
[BlackTeamCountry "SVK"]

1. d4 Nf6 2. Nf3 g6 3. c4 Bg7 4. Nc3 0-0 5. e4 d6 6. Be2 e5 7. dxe5 dxe5 8. 0-0 c6 9. Qc2 Qe7 10. a3 Bg4 11. h3 Bxf3 12. Bxf3 Nbd7 13. Be3 Nc5 14. Rad1 Ne6 15. b4 a5 16. c5 axb4 17. axb4 Rfd8 18. Ne2 Ne8 19. Rxd8 Rxd8 20. Rd1 N8c7 21. Bg4 h5 22. Bxe6 Nxe6 23. Rd3 Rxd3 24. Qxd3 Qd8 25. Nc1 Kf8 26. Kf1 Ke7 27. Ke2 f5 28. f3 Bf6 29. exf5 Qxd3+ 30. Kxd3 gxf5 31. Nb3 Kd7 32. Na5 Kc7 33. Nc4 Nf8 34. Nd6 f4 35. Ne8+ 1-0

[Event "SVK-chT2C 1819"]
[Site "Slovakia"]
[Date "2018.12.15"]
[Round "5.7"]
[White "Gajdosik, Andrej"]
[Black "Zagrapan, Pavol"]
[Result "1/2-1/2"]
[WhiteElo "2000"]
[BlackElo "2036"]
[PlyCount "61"]
[EventDate "2018.10.13"]
[EventType "team-tourn"]
[EventRounds "11"]
[EventCountry "SVK"]
[SourceTitle "CBM 189 Extra"]
[Source "ChessBase"]
[SourceDate "2019.06.03"]
[SourceVersion "1"]
[SourceVersionDate "2019.06.03"]
[SourceQuality "1"]
[WhiteTeam "Zilina Mladost II"]
[BlackTeam "Cadca Caissa"]
[WhiteTeamCountry "SVK"]
[BlackTeamCountry "SVK"]

1. Nf3 e6 2. g3 f5 3. Bg2 Nf6 4. d4 d6 5. c4 Be7 6. Nc3 0-0 7. 0-0 Qe8 8. Bg5 Qh5 9. Bxf6 Bxf6 10. e4 fxe4 11. Nxe4 Be7 12. Rc1 Bd7 13. Nfg5 Qxd1 14. Rfxd1 d5 15. cxd5 exd5 16. Nc3 Bxg5 17. f4 Bf6 18. Bxd5+ Kh8 19. Bxb7 Nc6 20. d5 Nd4 21. Bxa8 Rxa8 22. Kf2 Rb8 23. b3 Bf5 24. Rd2 Re8 25. Nd1 Nb5 26. Ne3 Nd6 27. Nxf5 Nxf5 28. Rxc7 Bd4+ 29. Rxd4 Nxd4 30. Rxa7 Re2+ 31. Kf1 1/2-1/2

[Event "SVK-chT2C 1819"]
[Site "Slovakia"]
[Date "2018.10.14"]
[Round "2.5"]
[White "Tropp, Frantisek"]
[Black "Gajdosik, Andrej"]
[Result "1-0"]
[WhiteElo "2087"]
[BlackElo "1989"]
[PlyCount "187"]
[EventDate "2018.10.13"]
[EventType "team-tourn"]
[EventRounds "11"]
[EventCountry "SVK"]
[SourceTitle "CBM 187 Extra"]
[Source "ChessBase"]
[SourceDate "2018.11.04"]
[SourceVersion "1"]
[SourceVersionDate "2018.11.04"]
[SourceQuality "1"]
[WhiteTeam "Liptov Chess School III"]
[BlackTeam "Zilina Mladost II"]
[WhiteTeamCountry "SVK"]
[BlackTeamCountry "SVK"]

1. e4 e5 2. Nf3 Nc6 3. Bb5 Nf6 4. d3 d6 5. h3 Be7 6. Nc3 0-0 7. 0-0 a6 8. Bxc6 bxc6 9. Ne2 Re8 10. Ng3 Bf8 11. Bg5 h6 12. Bd2 g6 13. Qe2 Bg7 14. Bc3 c5 15. b3 Nh7 16. Nh2 Ng5 17. Bd2 Ne6 18. Rae1 Kh7 19. Qf3 Rf8 20. Qd1 Qe7 21. Qc1 Bd7 22. Ng4 Ng5 23. Bxg5 hxg5 24. Ne3 Be6 25. Nd5 Bxd5 26. exd5 f5 27. f3 Bh6 28. Qd1 Qd7 29. Nh1 c6 30. dxc6 Qxc6 31. Nf2 Rae8 32. c4 Rf7 33. Qc2 Rb8 34. Nd1 Rfb7 35. Nc3 Rf7 36. Nd5 Rbf8 37. Qe2 Kg7 38. Rb1 Rb8 39. Qe1 Rh8 40. b4 Rb7 41. a3 Kf7 42. Qg3 Rhb8 43. Qe1 Bg7 44. Qd2 Bf6 45. Rb3 Bd8 46. Rfb1 Kg7 47. Kh1 Kf7 48. Qc3 Kg7 49. bxc5 Rxb3 50. Rxb3 Rxb3 51. Qxb3 dxc5 52. Qb8 Bf6 53. Qa7+ Kh6 54. Nxf6 Qxf6 55. Qxc5 g4 56. fxg4 fxg4 57. Qe3+ Kg7 58. hxg4 Qh4+ 59. Kg1 Qxg4 60. Qxe5+ Kh6 61. Qe3+ Kg7 62. Qe7+ Kh6 63. Qf8+ Kh7 64. Qf3 Qd4+ 65. Kh2 Qd6+ 66. Qg3 Qxa3 67. Qh4+ Kg7 68. Qd4+ Kf7 69. Qd5+ Kg7 70. c5 Qc1 71. Qe5+ Kf7 72. d4 a5 73. Qc7+ Kf6 74. Qd8+ Kf5 75. Qd7+ Ke4 76. c6 Qh6+ 77. Qh3 Qf4+ 78. g3 Qd6 79. Qd7 Kd5 80. Qa7 Kxc6 81. Qxa5 Qxd4 82. Qa6+ Kd7 83. Qxg6 Qf2+ 84. Kh3 Qf1+ 85. Kh4 Qh1+ 86. Kg5 Qc1+ 87. Kf6 Qc3+ 88. Kf7 Qb3+ 89. Kg7 Qc3+ 90. Kh7 Qf3 91. g4 Qh3+ 92. Kg8 Ke7 93. Qf7+ Kd6 94. g5 1-0

[Event "Banska Stiavnica V4 op"]
[Site "Banska Stiavnica"]
[Date "2018.07.10"]
[Round "4"]
[White "Antal, Jakub"]
[Black "Gajdosik, Andrej"]
[Result "1/2-1/2"]
[WhiteElo "1787"]
[BlackElo "1992"]
[PlyCount "119"]
[EventDate "2018.07.07"]
[EventType "swiss"]
[EventRounds "9"]
[EventCountry "SVK"]
[SourceTitle "CBM 185 Extra"]
[Source "ChessBase"]
[SourceDate "2018.07.29"]
[SourceVersion "1"]
[SourceVersionDate "2018.07.29"]
[SourceQuality "1"]

1. e4 e5 2. Nf3 Nc6 3. Bc4 Bc5 4. 0-0 Nf6 5. d3 0-0 6. Nbd2 d6 7. c3 a6 8. Bb3 h6 9. h3 Re8 10. Re1 Be6 11. Nf1 Bxb3 12. Qxb3 b5 13. Ng3 d5 14. Nf5 Qd7 15. N3h4 Kh7 16. g4 Re6 17. g5 hxg5 18. Bxg5 dxe4 19. dxe4 Qd3 20. Bxf6 Rxf6 21. Qd5 Qxd5 22. exd5 g5 23. dxc6 gxh4 24. Rxe5 Rg8+ 25. Kf1 Bb6 26. Rd1 Rg5 27. Rdd5 Bxf2 28. Kxf2 Kg6 29. Ke3 Rfxf5 30. Rxf5 Rxf5 31. Rd7 Rf6 32. Rxc7 Kf5 33. Rc8 Rd6 34. c7 Rc6 35. Kd4 Ke6 36. Re8+ Kd7 37. c8Q+ Rxc8 38. Rxc8 Kxc8 39. Ke5 Kd7 40. Kf6 Kd6 41. Kg5 Ke5 42. Kxh4 Kf4 43. b3 f5 44. c4 bxc4 45. bxc4 Ke3 46. c5 f4 47. c6 f3 48. c7 f2 49. c8Q f1Q 50. Qc5+ Ke4 51. Qe7+ Kd5 52. Qd7+ Ke5 53. Qg4 Kd5 54. Kh5 Qf7+ 55. Kh6 Qf6+ 56. Kh7 Qf7+ 57. Kh8 Qf6+ 58. Qg7 Qh4+ 59. Qh7 Qf6+ 60. Qg7 1/2-1/2

[Event "Banska Stiavnica V4 op"]
[Site "Banska Stiavnica"]
[Date "2018.07.09"]
[Round "3"]
[White "Gajdosik, Andrej"]
[Black "Pollak, Rudolf"]
[Result "1/2-1/2"]
[WhiteElo "1992"]
[BlackElo "1801"]
[PlyCount "97"]
[EventDate "2018.07.07"]
[EventType "swiss"]
[EventRounds "9"]
[EventCountry "SVK"]
[SourceTitle "CBM 185 Extra"]
[Source "ChessBase"]
[SourceDate "2018.07.29"]
[SourceVersion "1"]
[SourceVersionDate "2018.07.29"]
[SourceQuality "1"]

1. d4 Nf6 2. Nf3 e6 3. c4 b6 4. Nc3 Bb7 5. Bf4 Be7 6. e3 d6 7. h3 h6 8. Bd3 Nbd7 9. 0-0 0-0 10. e4 Nh7 11. Qd2 g5 12. Be3 f6 13. Qe2 Kg7 14. Nh2 Qe8 15. f4 e5 16. f5 Rh8 17. b4 exd4 18. Bxd4 Ne5 19. Nb5 Bd8 20. Rfe1 a6 21. Na3 Be7 22. Nc2 Nf8 23. Bc3 Rd8 24. a4 c5 25. a5 bxa5 26. bxa5 Nfd7 27. Nf3 Nxd3 28. Qxd3 Ne5 29. Nxe5 dxe5 30. Qe2 Qf7 31. Rab1 Rb8 32. Rb6 Bd8 33. Rb2 Bc7 34. Reb1 Bc6 35. Rxb8 Rxb8 36. Rxb8 Bxb8 37. Qd3 Qd7 38. Qxd7+ Bxd7 39. Kf2 Ba4 40. Ne3 Bb3 41. Ke2 h5 42. Kd3 Bc7 43. Bd2 Bd8 44. Nd5 Ba4 45. Nb6 Bc6 46. Be3 Be7 47. Nd5 Bd6 48. Nb6 Kf7 49. Nd5 1/2-1/2

[Event "SVK-chT2C 1718"]
[Site "Slovakia"]
[Date "2018.02.25"]
[Round "9.7"]
[White "Gajdosik, Andrej"]
[Black "Ilkovic, Frantisek"]
[Result "1/2-1/2"]
[WhiteElo "1984"]
[BlackElo "1885"]
[PlyCount "70"]
[EventDate "2017.10.28"]
[EventType "team-tourn"]
[EventRounds "11"]
[EventCountry "SVK"]
[SourceTitle "EXT 2019"]
[Source "ChessBase"]
[SourceDate "2018.10.10"]
[SourceVersion "1"]
[SourceVersionDate "2018.10.10"]
[SourceQuality "1"]
[WhiteTeam "Zilina Mladost II"]
[BlackTeam "Filakovo"]
[WhiteTeamCountry "SVK"]
[BlackTeamCountry "SVK"]

1. d4 d5 2. c4 c6 3. cxd5 cxd5 4. Nc3 Nf6 5. Nf3 e6 6. Bg5 Be7 7. e3 Ne4 8. Bxe7 Qxe7 9. Bd3 Nxc3 10. bxc3 Nd7 11. 0-0 g6 12. c4 dxc4 13. Bxc4 0-0 14. e4 Nb6 15. Bb3 Bd7 16. Qd2 Rfd8 17. Qh6 Qf8 18. Qh4 Qg7 19. Ne5 Ba4 20. Rfd1 Bxb3 21. axb3 Nd7 22. Ng4 h5 23. Ne3 Nf6 24. e5 Nd5 25. Nxd5 Rxd5 26. Qe7 Rb5 27. Rxa7 Rb8 28. Qa3 Qf8 29. f4 Qb4 30. Qxb4 Rxb4 31. Rd3 Rd8 32. Ra4 Rxa4 33. bxa4 Ra8 34. Ra3 Ra5 35. Rb3 Rxa4 1/2-1/2

[Event "SVK-chT2C 1718"]
[Site "Slovakia"]
[Date "2018.01.13"]
[Round "5.6"]
[White "Marsina, Stefan"]
[Black "Gajdosik, Andrej"]
[Result "1-0"]
[WhiteElo "1905"]
[BlackElo "1984"]
[PlyCount "91"]
[EventDate "2017.10.28"]
[EventType "team-tourn"]
[EventRounds "11"]
[EventCountry "SVK"]
[SourceTitle "EXT 2019"]
[Source "ChessBase"]
[SourceDate "2018.10.10"]
[SourceVersion "1"]
[SourceVersionDate "2018.10.10"]
[SourceQuality "1"]
[WhiteTeam "Rajecke Teplice"]
[BlackTeam "Zilina Mladost II"]
[WhiteTeamCountry "SVK"]
[BlackTeamCountry "SVK"]

1. Nf3 d5 2. d4 Nf6 3. c4 e6 4. Nc3 Be7 5. Bf4 c6 6. e3 0-0 7. Bd3 Nbd7 8. 0-0 b6 9. Rc1 Bb7 10. h3 Rc8 11. cxd5 exd5 12. Qe2 Re8 13. Ba6 Bxa6 14. Qxa6 Nf8 15. Qxa7 Ne6 16. Ne5 Nxf4 17. exf4 b5 18. Qb7 Rc7 19. Qb6 Nd7 20. Qa5 Nxe5 21. fxe5 Rc8 22. Qxd8 Rexd8 23. a3 Rb8 24. Ne2 Rb6 25. Rc2 b4 26. Rfc1 bxa3 27. bxa3 Bxa3 28. Rxc6 Rxc6 29. Rxc6 Kf8 30. Ra6 Bb4 31. Rb6 Bd2 32. Rb2 Ba5 33. f4 g6 34. Kf2 Ke7 35. g4 Ke6 36. Kf3 Rc8 37. Rb7 Rc7 38. Rb5 Ra7 39. Ng3 Be1 40. f5+ Ke7 41. Rb3 Kd7 42. Ne2 Kc6 43. Rb1 Ra3+ 44. Kg2 Ba5 45. Rc1+ Kd7 46. Rc5 1-0

[Event "SVK-chT1E 1617"]
[Site "Slovakia"]
[Date "2017.03.19"]
[Round "11.7"]
[White "Gajdosik, Andrej"]
[Black "Veselovsky, Jan"]
[Result "0-1"]
[WhiteElo "1972"]
[BlackElo "2068"]
[PlyCount "102"]
[EventDate "2016.10.15"]
[EventType "team-tourn"]
[EventRounds "11"]
[EventCountry "SVK"]
[SourceTitle "EXT 2019"]
[Source "ChessBase"]
[SourceDate "2018.10.10"]
[SourceVersion "1"]
[SourceVersionDate "2018.10.10"]
[SourceQuality "1"]
[WhiteTeam "Zilina Mladost"]
[BlackTeam "Bardejov"]
[WhiteTeamCountry "SVK"]
[BlackTeamCountry "SVK"]

1. c4 c6 2. Nc3 d5 3. cxd5 cxd5 4. d4 Nf6 5. Bg5 Nc6 6. e3 Ne4 7. Bf4 Qa5 8. Nge2 g5 9. Bg3 e6 10. f3 Nxg3 11. hxg3 Bd7 12. Nc1 Rc8 13. Nb3 Qc7 14. Kf2 Bd6 15. f4 gxf4 16. gxf4 Qd8 17. Qh5 a6 18. Be2 Qf6 19. Qh6 Qxh6 20. Rxh6 Bf8 21. Rh5 h6 22. a4 Nd8 23. Bd3 f6 24. Bg6+ Ke7 25. Nc5 Be8 26. Bxe8 Kxe8 27. Nd3 f5 28. Rc1 Nf7 29. Rhh1 Nd6 30. Nc5 Kf7 31. Nd7 Bg7 32. Nc5 Rc7 33. Rc2 Rhc8 34. Rhc1 Ne4+ 35. N5xe4 dxe4 36. Rh1 b5 37. axb5 axb5 38. Rd2 b4 39. Na4 Rc2 40. Ke2 Bf8 41. b3 Kg6 42. Rhd1 Kh5 43. Rxc2 Rxc2+ 44. Rd2 Rc6 45. Kf2 Kg4 46. Re2 h5 47. Rd2 Rc1 48. Nb6 Be7 49. g3 h4 50. gxh4 Bxh4+ 51. Ke2 Re1# 0-1

[Event "SVK-chT2C 1617"]
[Site "Slovakia"]
[Date "2017.02.11"]
[Round "8.7"]
[White "Gajdosik, Andrej"]
[Black "Klein, Peter"]
[Result "1/2-1/2"]
[WhiteElo "1958"]
[BlackElo "1975"]
[PlyCount "35"]
[EventDate "2016.10.08"]
[EventType "team-tourn"]
[EventRounds "11"]
[EventCountry "SVK"]
[SourceTitle "EXT 2018"]
[Source "ChessBase"]
[SourceDate "2017.10.13"]
[SourceVersion "1"]
[SourceVersionDate "2017.10.13"]
[SourceQuality "1"]
[WhiteTeam "Zilina Mladost II"]
[BlackTeam "Filakovo"]
[WhiteTeamCountry "SVK"]
[BlackTeamCountry "SVK"]

1. c4 e5 2. g3 g6 3. Bg2 Bg7 4. Nc3 Nc6 5. e3 d6 6. Nge2 f5 7. d3 Nf6 8. 0-0 0-0 9. f4 Rb8 10. Rb1 Bd7 11. b4 Re8 12. Qc2 Ng4 13. b5 Ne7 14. h3 Nf6 15. Kh2 h6 16. e4 Be6 17. Be3 b6 18. Nd5 1/2-1/2

[Event "SVK-chT2C 1617"]
[Site "Slovakia"]
[Date "2016.11.05"]
[Round "3.7"]
[White "Gajdosik, Vladislav"]
[Black "Gajdosik, Andrej"]
[Result "1/2-1/2"]
[WhiteElo "1973"]
[BlackElo "1958"]
[PlyCount "114"]
[EventDate "2016.10.08"]
[EventType "team-tourn"]
[EventRounds "11"]
[EventCountry "SVK"]
[SourceTitle "CBM 175 Extra"]
[Source "ChessBase"]
[SourceDate "2016.12.12"]
[SourceVersion "1"]
[SourceVersionDate "2016.12.12"]
[SourceQuality "1"]
[WhiteTeam "Banska Bystrica Veza"]
[BlackTeam "Zilina Mladost II"]
[WhiteTeamCountry "SVK"]
[BlackTeamCountry "SVK"]

1. c4 Nf6 2. Nc3 c5 3. g3 Nc6 4. Bg2 g6 5. Nf3 Bg7 6. 0-0 0-0 7. d3 d6 8. Bd2 e5 9. Qc1 a6 10. Bh6 Rb8 11. Bxg7 Kxg7 12. Nd2 Qc7 13. a4 Be6 14. Nde4 Nxe4 15. Bxe4 f5 16. Bd5 Qf7 17. Bxe6 Qxe6 18. Nd5 Rf7 19. e3 Kg8 20. Qc3 b5 21. axb5 axb5 22. Ra6 bxc4 23. dxc4 Nb4 24. Nxb4 Rxb4 25. b3 Rfb7 26. Qd2 R7b6 27. Rxb6 Rxb6 28. Rb1 Rb4 29. Qc2 Qc8 30. Rd1 Qc6 31. Qd3 Rb6 32. Qd5+ Qxd5 33. Rxd5 Kf7 34. Rd3 Ke6 35. Kf1 e4 36. Rc3 Ra6 37. h4 Ra2 38. Ke1 Rb2 39. Kf1 Kd7 40. Kg2 Kc6 41. Kf1 Kb6 42. Kg2 Ka5 43. Rc1 Rxb3 44. Rd1 Rd3 45. Rb1 d5 46. Rb5+ Ka6 47. Rxc5 Kb6 48. Rxd5 Rxd5 49. cxd5 Kc5 50. Kf1 Kxd5 51. Ke2 Kc4 52. Kd2 Kb3 53. Kd1 Kc3 54. Kc1 Kd3 55. Kd1 Kc3 56. Kc1 Kd3 57. Kd1 h6 1/2-1/2

[Event "SVK-chT2C 1617"]
[Site "Slovakia"]
[Date "2016.10.09"]
[Round "2.6"]
[White "Gajdosik, Andrej"]
[Black "Durica, Adam"]
[Result "1/2-1/2"]
[WhiteElo "1958"]
[BlackElo "1875"]
[PlyCount "83"]
[EventDate "2016.10.08"]
[EventType "team-tourn"]
[EventRounds "11"]
[EventCountry "SVK"]
[SourceTitle "CBM 175 Extra"]
[Source "ChessBase"]
[SourceDate "2016.12.12"]
[SourceVersion "1"]
[SourceVersionDate "2016.12.12"]
[SourceQuality "1"]
[WhiteTeam "Zilina Mladost II"]
[BlackTeam "Liptov Chess School III"]
[WhiteTeamCountry "SVK"]
[BlackTeamCountry "SVK"]

1. d4 d5 2. c4 c6 3. cxd5 cxd5 4. Nc3 Nf6 5. Nf3 Nc6 6. Bf4 a6 7. e3 Bg4 8. h3 Bh5 9. Be2 e6 10. 0-0 Bd6 11. Bxd6 Qxd6 12. Rc1 0-0 13. a3 Rfc8 14. b4 b5 15. Nd2 Bg6 16. Nb3 Nd7 17. Qd2 Nb6 18. Nc5 Nc4 19. Bxc4 bxc4 20. Rfd1 Rcb8 21. f3 a5 22. b5 Na7 23. a4 Nc8 24. e4 Nb6 25. e5 Qd8 26. Ne2 Nd7 27. Qc3 h6 28. Rd2 Ra7 29. Rb2 Bh7 30. Kh1 Bg6 31. Qe3 Qc7 32. Nf4 Bh7 33. Nh5 Qd8 34. Nxd7 Rxd7 35. Qf4 Bg6 36. Ng3 Qe7 37. Rc3 Rdb7 38. Qg4 Rb6 39. h4 Kh8 40. Ne2 Rg8 41. Nf4 Bf5 42. Qg3 1/2-1/2

[Event "SVK-chT1E 1516"]
[Site "Slovakia"]
[Date "2015.11.14"]
[Round "3.4"]
[White "Gajdosik, Andrej"]
[Black "Motycakova, Monika"]
[Result "0-1"]
[WhiteElo "1971"]
[BlackElo "2185"]
[PlyCount "106"]
[EventDate "2015.10.24"]
[EventType "team-tourn"]
[EventRounds "11"]
[EventCountry "SVK"]
[SourceTitle "CBM 169 Extra"]
[Source "ChessBase"]
[SourceDate "2015.12.18"]
[SourceVersion "1"]
[SourceVersionDate "2015.12.18"]
[SourceQuality "1"]
[WhiteTeam "Zilina Mladost II"]
[BlackTeam "Liptov Chess School II"]
[WhiteTeamCountry "SVK"]
[BlackTeamCountry "SVK"]

1. d4 d5 2. Nf3 Nf6 3. c4 c6 4. cxd5 cxd5 5. Nc3 Nc6 6. Bf4 a6 7. e3 Bg4 8. Be2 e6 9. 0-0 Bd6 10. Bxd6 Qxd6 11. h3 Bh5 12. Rc1 0-0 13. Nh4 Bxe2 14. Qxe2 Rac8 15. a3 Na5 16. Nf3 Nc4 17. a4 Qb4 18. Rc2 Rc7 19. Rfc1 Rfc8 20. Ne1 Qb3 21. Nd3 Nd7 22. g3 Nd6 23. Qd1 Ne4 24. Qe1 h6 25. f3 Nxc3 26. Rxc3 Rxc3 27. Rxc3 Rxc3 28. Qxc3 Qxa4 29. b3 Qc6 30. Qa5 Qc8 31. Qd2 b6 32. Kf2 a5 33. Nf4 Qc6 34. Qa2 Nb8 35. Ne2 Na6 36. Qa4 Nb4 37. Qxc6 Nxc6 38. Nc3 Kf8 39. Ke2 Ke7 40. Na4 b5 41. Nc3 Na7 42. Kd3 Kd6 43. h4 Kc6 44. Kc2 Nc8 45. Na2 b4 46. Nc1 Kb5 47. Nd3 Nb6 48. Kb2 a4 49. bxa4+ Kxa4 50. Nc5+ Kb5 51. Kb3 Nc4 52. Nd3 Nxe3 53. Nxb4 Nf5 0-1

[Event "Tatry op"]
[Site "Tatranske Zruby"]
[Date "2015.09.29"]
[Round "5"]
[White "Pultorak, Jan"]
[Black "Gajdosik, Andrej"]
[Result "1-0"]
[WhiteElo "2170"]
[BlackElo "1973"]
[PlyCount "67"]
[EventDate "2015.09.26"]
[EventType "swiss"]
[EventRounds "9"]
[EventCountry "SVK"]
[SourceTitle "CBM 168 Extra"]
[Source "ChessBase"]
[SourceDate "2015.10.29"]
[SourceVersion "1"]
[SourceVersionDate "2015.10.29"]
[SourceQuality "1"]

1. d4 Nf6 2. c4 g6 3. Nc3 Bg7 4. e4 d6 5. Nf3 0-0 6. Be2 Nbd7 7. 0-0 e5 8. Be3 exd4 9. Nxd4 Nc5 10. f3 a5 11. Ndb5 Nfd7 12. Qd2 Ne6 13. f4 Nec5 14. Rad1 b6 15. e5 dxe5 16. Bf3 Rb8 17. Bxc5 bxc5 18. Bc6 exf4 19. Bxd7 Bxd7 20. Qxd7 Qxd7 21. Rxd7 c6 22. Na7 Rxb2 23. Ne4 Bd4+ 24. Kh1 Rxa2 25. Nxc6 Be3 26. Ne7+ Kg7 27. Nd5 Re8 28. Nd6 Rf8 29. g3 fxg3 30. Nxe3 Rxh2+ 31. Kg1 Re2 32. Ng4 h5 33. Rfxf7+ Rxf7 34. Rxf7+ 1-0

[Event "SVK-chT2C 1415"]
[Site "Slovakia"]
[Date "2015.03.07"]
[Round "10.5"]
[White "Gajdosik, Andrej"]
[Black "Hrnciar, Roman"]
[Result "0-1"]
[WhiteElo "2008"]
[BlackElo "2039"]
[PlyCount "76"]
[EventDate "2014.10.11"]
[EventType "team-tourn"]
[EventRounds "11"]
[EventCountry "SVK"]
[SourceTitle "EXT 2016"]
[Source "ChessBase"]
[SourceDate "2015.10.08"]
[SourceVersion "1"]
[SourceVersionDate "2015.10.08"]
[SourceQuality "1"]
[WhiteTeam "Zilina Mladost II"]
[BlackTeam "Dolny Kubin II"]
[WhiteTeamCountry "SVK"]
[BlackTeamCountry "SVK"]

1. d4 d5 2. Nf3 Nf6 3. c4 e6 4. Nc3 c6 5. cxd5 exd5 6. Bg5 Be7 7. e3 Ne4 8. Bxe7 Qxe7 9. Bd3 0-0 10. 0-0 Nd7 11. Nd2 f5 12. Qe2 Qb4 13. Ndb1 Ndf6 14. f3 Nd6 15. a3 Qb6 16. Nd2 f4 17. Na4 Qa5 18. Nc5 Re8 19. e4 Nf5 20. b4 Qd8 21. e5 b6 22. Ncb3 Nh5 23. Qf2 Qg5 24. Bxf5 Bxf5 25. Rfc1 Re6 26. Nf1 Rg6 27. Kh1 Qh6 28. Qh4 Rc8 29. b5 Rg5 30. Kg1 Qg6 31. Ra2 cxb5 32. Rxc8+ Bxc8 33. Rb2 Bf5 34. h3 Ng3 35. Nh2 Bc2 36. Nf1 h6 37. Nxg3 Rxg3 38. Kf1 Qd3+ 0-1